| 000 | 00000nam##2200000za#4500 |
| 001 | 9.660868 |
| 003 | CaOODSP |
| 005 | 20220328113329 |
| 007 | ta |
| 008 | 150407|1999||||xxc||||| f|0| 0 fre|d |
| 020 | |a0-662-64129-9 |
| 040 | |aCaOODSP|bfre |
| 041 | |aeng |
| 041 | |afre |
| 043 | |an-cn--- |
| 086 | 1 |aC2-419/1999 |
| 110 | 1 |aCanada. |bIndustrie Canada. |
| 245 | 10|aVotre commerce dans Internet : |bgagner la confiance des consommateurs: un guide pour la protection des consommateurs à l'intention des commerces en direct |
| 260 | |aOttawa - Ontario : |bIndustrie Canada |c1999. |
| 300 | |aTexte français, 19p. ; |c18 cm. |
| 546 | |aBilingue |
| 563 | |aCouverture souple |
| 590 | |a99-51|b1999-12-31 |
| 691 | 07|aProtection du consommateur|2gcpds |
| 691 | 07|aTechnologie de l'information|2gcpds |
| 691 | 07|aEntreprise|2gcpds |
| 776 | 0#|tVotre commerce dans Internet : |w(CaOODSP)9.639375 |
| 776 | 0#|tYour Internet business : |w(CaOODSP)9.695229 |
| 791 | |tYour Internet business : |eeng|w(CaOODSP)9.660867 |
| 986 | |a52647B |